| 000 | 00354nam a2200145Ia 4500 | ||
|---|---|---|---|
| 008 | 150201s2009 xx 000 0 und d | ||
| 082 |
_a610 _bC09D |
||
| 100 | _aDOUGLAS,G | ||
| 245 | _aMACLEOD CLINICAL EXAMINATION | ||
| 250 | _a12TH | ||
| 260 |
_bCHURCHILL _aEDINBURGH _c2009 |
||
| 300 | _a1-476 | ||
| 650 | _aMEDICINE AND DIAGNOSIS | ||
| 942 |
_2ddc _cBK _010 |
||
| 999 |
_c426 _d426 |
||